The family game /
The parents of five year-old Andrew dread taking him out, he is known locally for his disruptive behaviour and parental pressure has already forced him from two schools. But the family have been accepted for a pioneering six week course at the Maudsley Hospital in London, where the film follows the...
| Other Authors: | , |
|---|---|
| Format: | Video |
| Language: | English |
| Language Notes: | This edition in English. |
| Published: |
London :
British Broadcasting Corporation (BBC),
1993.
|
| Series: | Q.E.D.
VAST: Academic Video Online |
| Subjects: | |
| Online Access: | Connect to this streaming video (Alexander Street Press) |
MARC
| Tag | First Indicator | Second Indicator | Subfields |
|---|---|---|---|
| LEADER | 00000cgm a2200000Ma 4500 | ||
| 001 | in00005553621 | ||
| 006 | m o c | ||
| 007 | cr |na---||a|a | ||
| 007 | vz |zazu| | ||
| 008 | 140106s1993 enk040 g o vueng d | ||
| 005 | 20241201230740.6 | ||
| 035 | |a (OCoLC)ocn867554765 | ||
| 040 | |a ALSTP |b eng |e pn |c ALSTP |d OCLCQ |d OCLCO |d OCLCF |d VZF |d OCLCO |d OCLCQ |d OCLCO |d OCLCQ |d CAUOI |d MNI |d WYU |d OCLCO |d OCL |d CJT |d OCLCQ |d OCLCO |d OCLCL | ||
| 019 | |a 1007225037 |a 1373478072 |a 1430831334 |a 1443997025 | ||
| 035 | |a (OCoLC)867554765 |z (OCoLC)1007225037 |z (OCoLC)1373478072 |z (OCoLC)1430831334 |z (OCoLC)1443997025 | ||
| 050 | 4 | |a PN1200eb | |
| 082 | 0 | 4 | |a 791.43/72 |q OCoLC |2 22/eng/20230216 |
| 049 | |a TXAM | ||
| 245 | 0 | 4 | |a The family game / |c produced by Robert Thirkell. |
| 260 | |a London : |b British Broadcasting Corporation (BBC), |c 1993. | ||
| 300 | |a 1 online resource (40 min.). | ||
| 306 | |a 003948 | ||
| 336 | |a two-dimensional moving image |b tdi |2 rdacontent | ||
| 337 | |a computer |b c |2 rdamedia | ||
| 338 | |a online resource |b cr |2 rdacarrier | ||
| 347 | |a data file |2 rda | ||
| 490 | 0 | |a Q.E.D. | |
| 490 | 0 | |a VAST: Academic Video Online | |
| 500 | |a Title from resource description page (viewed Dec. 9, 2013). | ||
| 520 | |a The parents of five year-old Andrew dread taking him out, he is known locally for his disruptive behaviour and parental pressure has already forced him from two schools. But the family have been accepted for a pioneering six week course at the Maudsley Hospital in London, where the film follows the progress of the family as leading psychiatrists use games and learning as a means of reducing Andrew's problems. | ||
| 546 | |a This edition in English. | ||
| 650 | 0 | |a Behavior disorders in children. | |
| 650 | 0 | |a Child psychotherapy. | |
| 650 | 0 | |a Child rearing. | |
| 650 | 0 | |a Family psychotherapy. | |
| 650 | 0 | |a Parent and child. | |
| 650 | 0 | |a Parents |x Psychology. | |
| 650 | 0 | |a Conduct disorders in children. | |
| 650 | 0 | |a Divorce therapy. | |
| 650 | 6 | |a Troubles du comportement chez l'enfant. | |
| 650 | 6 | |a Enfants |x Psychothérapie. | |
| 650 | 6 | |a Éducation des enfants. | |
| 650 | 6 | |a Thérapie familiale. | |
| 650 | 6 | |a Parents et enfants. | |
| 650 | 6 | |a Parents |x Psychologie. | |
| 650 | 7 | |a Divorce therapy |2 fast | |
| 650 | 7 | |a Conduct disorders in children |2 fast | |
| 650 | 7 | |a Behavior disorders in children |2 fast | |
| 650 | 7 | |a Child psychotherapy |2 fast | |
| 650 | 7 | |a Child rearing |2 fast | |
| 650 | 7 | |a Family psychotherapy |2 fast | |
| 650 | 7 | |a Parent and child |2 fast | |
| 650 | 7 | |a Parents |x Psychology |2 fast | |
| 655 | 4 | |a Alexander Street Video. | |
| 655 | 7 | |a Documentary television programs |2 fast | |
| 655 | 7 | |a Documentary television programs. |2 lcgft | |
| 655 | 7 | |a Documentaires télévisés. |2 rvmgf | |
| 700 | 1 | |a Thaw, John, |d 1942-2002. |4 nrt |1 https://id.oclc.org/worldcat/entity/E39PBJjhCgxwdFHjXk8yfkdCwC | |
| 700 | 1 | |a Thirkell, Robert. |4 pro | |
| 776 | 0 | 8 | |i Print version: |t Family game. |d London : British Broadcasting Corporation (BBC), 1993 |w (OCoLC)221502113 |
| 856 | 4 | 0 | |u http://proxy.library.tamu.edu/login?url=https://www.aspresolver.com/aspresolver.asp?AVN2;1796638 |z Connect to this streaming video (Alexander Street Press) |t 0 |
| 955 | |a Alexander Street Press subscription streaming video | ||
| 994 | |a 92 |b TXA | ||
| 999 | f | f | |s f422d082-dab0-46ca-bb88-82f34e9440b0 |i f0555ee4-783a-4142-a501-2fa380ff79cb |t 0 |
| 952 | f | f | |a Texas A&M University |b College Station |c Electronic Resources |d Available Online |t 0 |e PN1200eb |h Library of Congress classification |
| 998 | f | f | |a PN1200eb |t 0 |l Available Online |